000
00369nam a2200109Ia 4500
008
260427s2026 xx 000 0 und d
041
_a
hin
100
_a
गो. वि. कुलकर्णी
245
_a
बेपा भटाची काशाणी
260
_b
अभिनंदन प्रकाशन, कोल्हापूर
300
_a
Soft/P-308
999
_c
1221098
_d
1221098